مشكلات الأسرة : (رقم التسجيلة. 80243)

تفاصيل مارك
000 -الفاتح
حقل البيانات ثابتة الطول 01010nam a22002417a 4500
003 - محدد رقم الضبط
رقم الضبط OSt
005 - وقت وتاريخ اخر تعامل مع التسجيلة
رقم الضبط 20220620121449.0
008 - عناصر البيانات ثابتة الطول - معلومات عامة
حقل البيانات ثابتة الطول 220620b2016 jo ||||g |||| 00| 0 ara d
020 ## - الرقم الدولى المعيارى للكتب
الرقم الدولى المعيارى للكتاب 9789957593902
040 ## - مصدر الفهرسة
وكالة الفهرسة الأصلية Ma-Un
وكالة النسخ Ma-Un
082 04 - رقم تصنيف ديوى العشرى
رقم التصنيف 362.8292
رقم المادة ب م م
رقم الطبعة 21
100 1# - المدخل الرئيسى - إسم شخصى
الإسم الشخصى بحري، منى يونس
245 10 - بيان العنوان
العنوان مشكلات الأسرة :
بقية العنوان عنف الأزواج ضد الزوجات /
بيان المسئوليه,etc منى يونس بحري.
250 ## - بيان الطبعة
بيان الطبعة ط. 1.
260 ## - PUBLICATION, DISTRIBUTION, ETC. (IMPRINT)
مكان الناشر او الموزع عمان، الأردن :
اسم الناشر او الموزع الدار المنهجية للنشر والتوزيع،
تاريخ النشر أو التوزيع 2016
تاريخ النشر هجري 1437.
300 ## - الوصف المادى
التعداد 191 ص. ؛
أبعاد الوعاء 24 سم.
504 ## - تبصرة ببليوجرافية
تبصرة ببليوجرافية,الخ يشتمل على قائمة ببليوجرافية.
650 #7 - المدخل الاضافى بالموضوع-مصطلح موضوعى
مصطلح موضوعي أو اسم جغرافي كعنصر مدخل العنف الأسري
التقسيم الفرعي العام جوانب نفسية
650 #7 - المدخل الاضافى بالموضوع-مصطلح موضوعى
مصطلح موضوعي أو اسم جغرافي كعنصر مدخل العلاقات الأسرية
التقسيم الفرعي العام جوانب نفسية
650 #7 - المدخل الاضافى بالموضوع-مصطلح موضوعى
مصطلح موضوعي أو اسم جغرافي كعنصر مدخل المرأة
التقسيم الفرعي العام عنف ضد
-- جوانب نفسية
650 #7 - المدخل الاضافى بالموضوع-مصطلح موضوعى
مصطلح موضوعي أو اسم جغرافي كعنصر مدخل الأزواج والزوجات
التقسيم الفرعي العام علاقات أسرية
التقسيم الفرعي الشكلي جوانب نفسية
952 ## - LOCATION AND ITEM INFORMATION (KOHA)
نوع المادة فى نظام كوها كتاب
952 ## - LOCATION AND ITEM INFORMATION (KOHA)
نوع المادة فى نظام كوها كتاب
952 ## - LOCATION AND ITEM INFORMATION (KOHA)
نوع المادة فى نظام كوها كتاب
952 ## - LOCATION AND ITEM INFORMATION (KOHA)
نوع المادة فى نظام كوها كتاب
952 ## - LOCATION AND ITEM INFORMATION (KOHA)
نوع المادة فى نظام كوها كتاب
952 ## - LOCATION AND ITEM INFORMATION (KOHA)
نوع المادة فى نظام كوها كتاب
952 ## - LOCATION AND ITEM INFORMATION (KOHA)
نوع المادة فى نظام كوها كتاب
942 ## -
-- ddc
-- BOOK
المقتنيات
حالة الفقد نموذج السعر الفعال حالة تلف ليس للاعارة تاريخ الاكتساب رقم الطلب تاريخ الاكتساب الموقع الحالي الباركود الفرع الرئيسي Date last seen مصدر التصنيف او خطة الترفيف Total Checkouts
  2022-06-22   Not For Loan 2022-06-22 362.8292 ب م م 2022-06-22 CL 00175461 المكتبة المركزية بالمجمعة (CL) 2022-06-22 Dewey Decimal Classification  
  2022-06-22     2022-06-22 362.8292 ب م م 2022-06-22 CL 00175462 المكتبة المركزية بالمجمعة (CL) 2022-06-22 Dewey Decimal Classification  
  2022-06-22     2022-06-22 362.8292 ب م م 2022-06-22 CL 00175463 المكتبة المركزية بالمجمعة (CL) 2022-06-22 Dewey Decimal Classification  
  2022-06-22   Not For Loan 2022-06-22 362.8292 ب م م 2022-06-22 EMF 00175466 مكتبة مجمع الطالبات بالمجمعة (EMF) 2022-06-22 Dewey Decimal Classification  
  2022-06-22     2022-06-22 362.8292 ب م م 2022-06-22 EMF 00175467 مكتبة مجمع الطالبات بالمجمعة (EMF) 2022-06-22 Dewey Decimal Classification  
  2022-06-22   Not For Loan 2022-06-22 362.8292 ب م م 2022-06-22 EZF 00175464 مكتبة كلية التربية بالزلفى - طالبات (EZF) 2022-06-22 Dewey Decimal Classification  
  2022-06-22     2022-06-22 362.8292 ب م م 2022-06-22 EZF 00175465 مكتبة كلية التربية بالزلفى - طالبات (EZF) 2022-06-22 Dewey Decimal Classification